<?xml version="1.0" encoding="UTF-8"?>
<record
    xmlns:xsi="http://www.w3.org/2001/XMLSchema-instance"
    xsi:schemaLocation="http://www.loc.gov/MARC21/slim http://www.loc.gov/standards/marcxml/schema/MARC21slim.xsd"
    xmlns="http://www.loc.gov/MARC21/slim">

  <leader>03151cam a22004454i 4500</leader>
  <controlfield tag="003">PE-LiUPU</controlfield>
  <controlfield tag="005">20250731165407.0</controlfield>
  <controlfield tag="008">151014s2014    pe a   grm    000 0 spa d</controlfield>
  <datafield tag="035" ind1=" " ind2=" ">
    <subfield code="a">(Sirsi) a154870</subfield>
  </datafield>
  <datafield tag="040" ind1=" " ind2=" ">
    <subfield code="a">PE-LiUPU</subfield>
    <subfield code="b">spa</subfield>
    <subfield code="c">PE-LiUPU</subfield>
    <subfield code="e">rda</subfield>
  </datafield>
  <datafield tag="099" ind1=" " ind2=" ">
    <subfield code="a">TE 3</subfield>
    <subfield code="b">C11 2014</subfield>
  </datafield>
  <datafield tag="100" ind1="1" ind2=" ">
    <subfield code="a">Coanqui Quispe, Aquilino</subfield>
    <subfield code="e">autor</subfield>
  </datafield>
  <datafield tag="245" ind1="1" ind2=" ">
    <subfield code="a">Habilidades sociales y su relaci&#xF3;n con el desempe&#xF1;o laboral del docente en las Instituciones Educativas Adventistas de Lima Metropolitana, 2014 /</subfield>
    <subfield code="c">Aquilino Coanqui Quispe.</subfield>
  </datafield>
  <datafield tag="264" ind1=" " ind2="0">
    <subfield code="c">2014.</subfield>
  </datafield>
  <datafield tag="300" ind1=" " ind2=" ">
    <subfield code="a">74 hojas : </subfield>
    <subfield code="b">ilustraciones;</subfield>
    <subfield code="c">30 cm</subfield>
  </datafield>
  <datafield tag="336" ind1=" " ind2=" ">
    <subfield code="a">text</subfield>
    <subfield code="2">rdacontent</subfield>
  </datafield>
  <datafield tag="337" ind1=" " ind2=" ">
    <subfield code="a">unmediated</subfield>
    <subfield code="2">rdamedia</subfield>
  </datafield>
  <datafield tag="338" ind1=" " ind2=" ">
    <subfield code="a">volume</subfield>
    <subfield code="2">rdacarrier</subfield>
  </datafield>
  <datafield tag="502" ind1=" " ind2=" ">
    <subfield code="a">Tesis</subfield>
    <subfield code="b">(Mg.) -- </subfield>
    <subfield code="c">Universidad Peruana Uni&#xF3;n,</subfield>
    <subfield code="d">2014.</subfield>
  </datafield>
  <datafield tag="504" ind1=" " ind2=" ">
    <subfield code="a">Incluye lista de referencias</subfield>
  </datafield>
  <datafield tag="520" ind1="3" ind2=" ">
    <subfield code="a">El estudio responde al objetivo: determinar la relaci&#xF3;n de las habilidades sociales con el desempe&#xF1;o laboral del docente en las instituciones educativas de Lima Metropolitana, 2014, cuya hip&#xF3;tesis es: las habilidades sociales tienen una relaci&#xF3;n significativa con el desempe&#xF1;o laboral del docente, realizado en una poblaci&#xF3;n de  176 profesores de las instituciones educativas adventistas de Lima Metropolitana, en el contexto de un tipo de investigaci&#xF3;n no experimental descriptivo, correlacional y transeccional o transversal, respaldado por las teor&#xED;as, enfoques y modelos te&#xF3;ricos referidos a las habilidades sociales y al desempe&#xF1;o laboral. En resumen, las habilidades sociales explican fuertemente el desempe&#xF1;o laboral , pues se rechaza la hip&#xF3;tesis nula, el valor de signo es menor al valor de alfa; en efecto, signo = 0.000 &lt; a=0.05. Explican el desempe&#xF1;o acad&#xE9;mico de los docentes, pues se acepta la hip&#xF3;tesis nula, el valor de signo supera el valor de alfa; en efecto : 1) habilidades de interacci&#xF3;n, signo =0.159 &gt; a=0.05; 2) habilidades para la aceptaci&#xF3;n, signo =0.577 &gt; a=0.05; 3) habilidades para la resoluci&#xF3;n de problemas, signo =0.007 &lt; a=0.05; 4) habilidades para la expresi&#xF3;n de sentimientos, signo =0.493 &gt; a=0.05; 5)habilidades de conversaci&#xF3;n, signo =0.001&gt; a=0.05; 6) habilidades para la comuni&#xF3;n laboral, signo =0.001 &lt; a=0.05. En conclusi&#xF3;n, "habilidades de interacci&#xF3;n",  "habilidades para la aceptaci&#xF3;n", "habilidades para la resoluci&#xF3;n de problemas", "habilidades para la expresi&#xF3;n de sentimientos", "habilidades de conversaci&#xF3;n" y "habilidades para la comuni&#xF3;n laboral" explican el desempe&#xF1;o acad&#xE9;mico, el desempe&#xF1;o curricular, el desempe&#xF1;o investigativo y el desempe&#xF1;o extensionista de los docentes.</subfield>
  </datafield>
  <datafield tag="526" ind1=" " ind2=" ">
    <subfield code="a">SEG44</subfield>
  </datafield>
  <datafield tag="526" ind1=" " ind2=" ">
    <subfield code="a">SEG26</subfield>
  </datafield>
  <datafield tag="526" ind1=" " ind2=" ">
    <subfield code="a">P151</subfield>
  </datafield>
  <datafield tag="526" ind1=" " ind2=" ">
    <subfield code="a">P150</subfield>
  </datafield>
  <datafield tag="526" ind1=" " ind2=" ">
    <subfield code="a">P149</subfield>
  </datafield>
  <datafield tag="526" ind1=" " ind2=" ">
    <subfield code="a">P146</subfield>
  </datafield>
  <datafield tag="526" ind1=" " ind2=" ">
    <subfield code="a">P145</subfield>
  </datafield>
  <datafield tag="526" ind1=" " ind2=" ">
    <subfield code="a">P126</subfield>
  </datafield>
  <datafield tag="526" ind1=" " ind2=" ">
    <subfield code="a">P125</subfield>
  </datafield>
  <datafield tag="526" ind1=" " ind2=" ">
    <subfield code="a">P92</subfield>
  </datafield>
  <datafield tag="526" ind1=" " ind2=" ">
    <subfield code="a">P75</subfield>
  </datafield>
  <datafield tag="526" ind1=" " ind2=" ">
    <subfield code="a">P74</subfield>
  </datafield>
  <datafield tag="526" ind1=" " ind2=" ">
    <subfield code="a">P27</subfield>
  </datafield>
  <datafield tag="526" ind1=" " ind2=" ">
    <subfield code="a">P15</subfield>
  </datafield>
  <datafield tag="650" ind1="0" ind2="4">
    <subfield code="a">Educaci&#xF3;n adventista</subfield>
    <subfield code="x">Profesores</subfield>
    <subfield code="x">Habilidades sociales</subfield>
  </datafield>
  <datafield tag="596" ind1=" " ind2=" ">
    <subfield code="a">1</subfield>
  </datafield>
  <datafield tag="942" ind1=" " ind2=" ">
    <subfield code="2">ddc</subfield>
    <subfield code="c">TESIS</subfield>
  </datafield>
  <datafield tag="999" ind1=" " ind2=" ">
    <subfield code="a">TE 3 C11 2014</subfield>
    <subfield code="w">ALPHANUM</subfield>
    <subfield code="c">7564</subfield>
    <subfield code="i">T01663</subfield>
    <subfield code="l">CCODEBUL3</subfield>
    <subfield code="m">BUL</subfield>
    <subfield code="r">1</subfield>
    <subfield code="s">Y</subfield>
    <subfield code="t">TESIS</subfield>
    <subfield code="u">2015-10-14</subfield>
    <subfield code="x">POSGRADO</subfield>
    <subfield code="P">P57</subfield>
    <subfield code="o">.STAFF. Tesis</subfield>
    <subfield code="d">7564</subfield>
  </datafield>
  <datafield tag="980" ind1=" " ind2=" ">
    <subfield code="8">1</subfield>
    <subfield code="g">ALBERTO SANCHEZ Responsable de Automatizaci&#xF3;n</subfield>
  </datafield>
  <datafield tag="952" ind1=" " ind2=" ">
    <subfield code="r">2022-07-06 00:00:00</subfield>
    <subfield code="l">0</subfield>
    <subfield code="o">TE 3 C11 2014</subfield>
    <subfield code="p">T01663</subfield>
    <subfield code="t">e1</subfield>
    <subfield code="w">2015-10-14</subfield>
    <subfield code="x">PG</subfield>
    <subfield code="y">TESIS</subfield>
    <subfield code="z">Este &#xCD;tem NO se presta por ser Ejemplar #1.</subfield>
    <subfield code="1">0</subfield>
    <subfield code="2">ddc</subfield>
    <subfield code="7">1</subfield>
    <subfield code="8">TESIS</subfield>
    <subfield code="f">P57</subfield>
    <subfield code="a">BUL</subfield>
    <subfield code="b">BUL</subfield>
    <subfield code="c">TESIS</subfield>
    <subfield code="d">2015-10-14</subfield>
  </datafield>
</record>
